International Shipping (Record no. 3191)

000 -LEADER
fixed length control field 02956nam a22003615i 4500
007 - PHYSICAL DESCRIPTION FIXED FIELD--GENERAL INFORMATION
fixed length control field cr nn 008mamaa
008 - FIXED-LENGTH DATA ELEMENTS--GENERAL INFORMATION
fixed length control field 221102s2023 gw | s |||| 0|eng d
020 ## - INTERNATIONAL STANDARD BOOK NUMBER
International Standard Book Number 9783658342739
-- 978-3-658-34273-9
040 ## - CATALOGING SOURCE
Original cataloging agency IMU Kochi Library
Language of cataloging eng
041 0# - LANGUAGE CODE
Language code of text/sound track or separate title eng
082 04 - DEWEY DECIMAL CLASSIFICATION NUMBER
Classification number 621
Edition number 23
100 1# - MAIN ENTRY--PERSONAL NAME
Personal name Witthohn, Ralf.
245 10 - TITLE STATEMENT
Title International Shipping
Medium [electronic resource] :
Sub Title The Role of Sea Transport in the Global Economy /
250 ## - EDITION STATEMENT
Edition statement 1st ed. 2023.
300 ## - PHYSICAL DESCRIPTION
Extent LXXIII, 758 p. 1 illus.
Other physical details online resource.
505 0# - FORMATTED CONTENTS NOTE
Formatted contents note Transport by sea -- Work at sea -- Recreation, travel and rescue at sea.
520 ## - SUMMARY, ETC.
Summary, etc Based on thoroughly researched texts and rare photos this book describes the actual developments of international shipping and all the facets connected to overseas good flows. Main source for the deep reaching insight into the maritime industry are authentic reports carried out at the focusses of the shipping scene. By explaining the design und purpose of nowadays ship types, the different ways of cargo handling as well as the activities of shipowners and operators is painted a representative and rich-illustrated picture of the actual maritime scene. The reader learns how tricky it is to transport gas turbines from their Berlin production site to a Turkish power plant, how to deliver converter platforms to offshore wind farms or to ship natural gas cargoes from Qatar to Japan. The deployment of emergency tugs, rescue and hospital ships are just as much a topic as the supposed sunny sides of shipping on luxury liners and mega yachts. By precise descriptions, expressive photos and technical drawings the design solutions found by naval architects are presented, as well as the ships' routes are traced and severe accidents examined. The contents Transport by sea - Work at sea - Recreation, travel and rescue at sea. The target groups - Employees in the general economy - Employees in the shipping industry, seafarers, port employees, shipbuilders - Shipping companies, authorities, classification societies - Interested laypersons The author Ralf Witthohn has become one of the leading experts on shipbuilding, shipping and ports in the past decades after working in project planning, design and construction of ships as well as through the publication of books and numerous articles in international maritime journals.
650 #0 - SUBJECT ADDED ENTRY--TOPICAL TERM
Topical term or geographic name as entry element Mechanical engineering.
650 #0 - SUBJECT ADDED ENTRY--TOPICAL TERM
Topical term or geographic name as entry element Production management.
650 14 - SUBJECT ADDED ENTRY--TOPICAL TERM
Topical term or geographic name as entry element Mechanical Engineering.
650 24 - SUBJECT ADDED ENTRY--TOPICAL TERM
Topical term or geographic name as entry element Operations Management.
852 ## - LOCATION/CALL NUMBER
Location IMU Kochi Library
856 40 - ELECTRONIC LOCATION AND ACCESS
Uniform Resource Identifier <a href="https://doi.org/10.1007/978-3-658-34273-9">https://doi.org/10.1007/978-3-658-34273-9</a>
904 ## - LOCAL DATA ELEMENT D, LDD (RLIN)
CATALOGER Rudra Ranjan
905 ## - LOCAL DATA ELEMENT E, LDE (RLIN)
VERIFIER Rudra Ranjan
942 ## - ADDED ENTRY ELEMENTS (KOHA)
Item type E-Book
264 #1 -
-- Wiesbaden :
-- Springer Fachmedien Wiesbaden :
-- Imprint: Springer,
-- 2023.
338 ## -
-- online resource

No items available.



Copyright © All Rights Reserved by Indian Maritime University, Kochi Campus.
For any Suggestions/Query Contact to library or Email: library.kochi@imu.ac.in Ph:(0484)-2989402
(Web OPAC Designed by Rudra Ranjan. Maintained by IMU Kochi Library)

Powered by Koha